000 01556pab a2200181 454500
008 180718b2007 xxu||||| |||| 00| 0 eng d
100 _aVerheijen, Tony
245 _aPerformance management in the Baltic states and Russia: success against the odds?
260 _c2007
300 _ap.205-15.
362 _aJun
520 _aThis article analyses the public management reform process in Latvia, Lithuania and Russia, the only three post-Communist states that have sought to introduce comprehensive performance management systems in the public sector. The central premise of the article is that the introduction of such reforms can be successful even in public management systems that are not `advanced'. This systems are not suitable for `developing' countries. The article concludes that if sufficient political support and a dedicated reform team in the civil service are present, and performance management systems are introduced in a step-by-step manner, significant improvement in the effectiveness and efficiency of public management systems can be achieved. The case of the two Baltic States studied in the article, which moved from being laggards in the EU accession process to among its best performing members, provides a strong argument that a more radical approach to public management reform can pay off, even in public management systems in development. - Reproduced.
650 _aPerformance appraisal
700 _aDobrolyubova, Yelena
773 _aInternational Review of Administrative Sciences
908 _aN
909 _a74662
999 _c74662
_d74662